00640nam a2200205Ia 4500001002700000003000900027008004100036040002300077041001300100100002200113245002800135250001500163260003800178300001900216490002900235501012400264520000900388700001700397700002000414791.430 7-VIS lu ro (7388)IT-MiSPE171229s9999||||xx |||||||||||||| ||und|| aIT-MiSPEcIT-MiSPE aITALIANO aLuchino Visconti  0aRocco e i suoi fratelli a1a ed. (v) aRocca S. CascianobCappellic1960 a303 p. c21 cm aDal soggetto al filmv17 aEdizioni San Paolo srl - Piazza Soncino, 5 - 20092 CINISELLO BALSAMO (MI) (non commercial uses only) ® Copyright 2018 aTav. aG. Carancini aGuido Aristarco